[Event "4NCL/Div4/MET vs. GUI4"]
[Site "West Bromwich ENG"]
[Date "2006.05.29"]
[Round "11.3"]
[White "Dickson, George"]
[Black "Abayasekera, Roger"]
[Result "0-1"]
[WhiteElo "2090"]
[BlackElo "2185"]
[PlyCount "110"]
[EventDate "2006.05.29"]
[EventType "team"]
[EventRounds "11"]
[EventCountry "ENG"]
[SourceDate "2006.05.01"]
[WhiteTeam "Metropolitan"]
[BlackTeam "Guildford-ADC 4"]

1. e4 c5 2. c3 Nf6 3. e5 Nd5 4. d4 cxd4 5. Nf3 e6 6. cxd4 b6 7. Be2 Be7 8. Nc3
Nxc3 9. bxc3 Qc7 10. Bd2 O-O 11. O-O Bb7 12. Bd3 d6 13. Re1 Nd7 14. Qc2 h6 15.
Bh7+ Kh8 16. Be4 dxe5 17. Bxb7 Qxb7 18. Nxe5 Nxe5 19. Rxe5 Rfd8 20. Rae1 Rac8
21. Rh5 Bf8 22. Qd3 Rc5 23. Rh3 Ra5 24. g4 Rxa2 25. g5 g6 26. gxh6 Kh7 27. Rg3
Rd5 28. Bf4 Rf5 29. Qe3 Qd5 30. Rg5 b5 31. Rxf5 Qxf5 32. h3 Ra3 33. Qe5 Qxe5
34. Bxe5 Bxh6 35. d5 exd5 36. Rd1 Bg7 37. Rxd5 Bxe5 38. Rxe5 a6 39. Rc5 Rb3 40.
Rc7 Kg7 41. Ra7 Rxc3 42. Rxa6 Rxh3 43. Rb6 Rb3 44. Rb7 g5 45. Kg2 Kg6 46. Rb8
Kf5 47. Rb7 f6 48. Rb6 g4 49. Rc6 Ke5 50. Rb6 f5 51. Rb8 Kd4 52. Rd8+ Kc4 53.
Rc8+ Kb4 54. Rf8 Rf3 55. Rb8 Kc4 0-1

[Event "4NCL/Div4/MET vs. GUI4"]
[Site "West Bromwich ENG"]
[Date "2006.05.29"]
[Round "11.4"]
[White "Punnett, Alan K"]
[Black "Djabri, Zafer M"]
[Result "1/2-1/2"]
[WhiteElo "2155"]
[BlackElo "2080"]
[PlyCount "35"]
[EventDate "2006.05.29"]
[EventType "team"]
[EventRounds "11"]
[EventCountry "ENG"]
[SourceDate "2006.05.01"]
[WhiteTeam "Guildford-ADC 4"]
[BlackTeam "Metropolitan"]

1. d4 d5 2. c4 dxc4 3. Nf3 Nf6 4. e3 Bg4 5. Bxc4 e6 6. h3 Bh5 7. O-O a6 8. Be2
Nc6 9. a3 Bd6 10. b4 O-O 11. Bb2 Qe8 12. Re1 Rd8 13. Nbd2 e5 14. Nxe5 Bxe2 15.
Qxe2 Nxe5 16. dxe5 Bxe5 17. Bxe5 Qxe5 18. Nf3 1/2-1/2

[Event "4NCL/Div4/MET vs. GUI4"]
[Site "West Bromwich ENG"]
[Date "2006.05.29"]
[Round "11.5"]
[White "Fogarasi, Norbert"]
[Black "Stimpson, Philip M"]
[Result "1/2-1/2"]
[WhiteElo "2120"]
[BlackElo "2090"]
[PlyCount "85"]
[EventDate "2006.05.29"]
[EventType "team"]
[EventRounds "11"]
[EventCountry "ENG"]
[SourceDate "2006.05.01"]
[WhiteTeam "Metropolitan"]
[BlackTeam "Guildford-ADC 4"]

1. e4 d5 2. exd5 Nf6 3. Nc3 Nxd5 4. Bc4 Nb6 5. Bb3 Bf5 6. Qf3 Qc8 7. d3 e6 8.
Bf4 c6 9. Qg3 Na6 10. a3 Qd7 11. Nf3 f6 12. h4 O-O-O 13. O-O-O Nd5 14. Nxd5
exd5 15. Nd4 Nc5 16. Ba2 g6 17. f3 Ne6 18. Nxe6 Bxe6 19. Qf2 d4 20. Bxe6 Qxe6
21. Kb1 Qf5 22. Bd2 Qb5 23. Ka2 Qd5+ 24. Ka1 Bc5 25. Qg3 Rhe8 26. Rde1 Bd6 27.
Qg4+ Qf5 28. Qxf5+ gxf5 29. Rxe8 Rxe8 30. Re1 Rxe1+ 31. Bxe1 Bf4 32. b4 b5 33.
Kb2 Kd7 34. Kb3 Ke6 35. a4 a6 36. axb5 axb5 37. c3 Be3 38. Kc2 h5 39. Kb3 Ke5
40. Kc2 Kd5 41. Kb3 Ke5 42. cxd4+ Kd5 43. Kc2 1/2-1/2

[Event "4NCL/Div4/MET vs. GUI4"]
[Site "West Bromwich ENG"]
[Date "2006.05.29"]
[Round "11.6"]
[White "Dekker, Alain"]
[Black "Fegan, Chris"]
[Result "1-0"]
[WhiteElo "2070"]
[BlackElo "2115"]
[PlyCount "81"]
[EventDate "2006.05.29"]
[EventType "team"]
[EventRounds "11"]
[EventCountry "ENG"]
[SourceDate "2006.05.01"]
[WhiteTeam "Guildford-ADC 4"]
[BlackTeam "Metropolitan"]

1. e4 d6 2. d4 Nf6 3. Nc3 g6 4. Be3 c6 5. f3 b5 6. Qd2 Nbd7 7. d5 cxd5 8. Nxd5
a6 9. a4 bxa4 10. Rxa4 Bg7 11. Bc4 Rb8 12. Ne2 Nxd5 13. Bxd5 Rxb2 14. O-O O-O
15. Bb3 Nc5 16. Bxc5 dxc5 17. Qe3 Qb6 18. e5 Bd7 19. Rh4 Bb5 20. Rb4 e6 21. Kh1
Qc7 22. Re4 Bc6 23. Qxc5 Rc8 24. Re3 Bb5 25. Qd4 Qc5 26. Rd1 Bxe2 27. Qxc5 Rxc5
28. Rxe2 Bxe5 29. g3 Kg7 30. Kg2 a5 31. f4 Bf6 32. Rd7 Kf8 33. Ra7 Bd4 34. Ra8+
Kg7 35. Rd2 Bf6 36. Ra7 Kf8 37. Rdd7 Kg8 38. Rxf7 Bd4 39. Rab7 h5 40. Rfd7 Bf6
41. Bxe6+ 1-0

[Event "4NCL/Div4/SUFFP vs. 3CS2"]
[Site "West Bromwich ENG"]
[Date "2006.05.29"]
[Round "11.1"]
[White "Munson, Shaun D"]
[Black "James, Dale R"]
[Result "1-0"]
[WhiteElo "2225"]
[BlackElo "2240"]
[PlyCount "127"]
[EventDate "2006.05.29"]
[EventType "team"]
[EventRounds "11"]
[EventCountry "ENG"]
[SourceDate "2006.05.01"]
[WhiteTeam "Suffolk Punches"]
[BlackTeam "3Cs Oldham 2"]

1. d4 Nf6 2. Bg5 Ne4 3. Bf4 g5 4. Bc1 g4 5. f3 gxf3 6. gxf3 Nd6 7. e4 e5 8. Be3
Bh6 9. Bf2 Nc6 10. d5 Ne7 11. c4 b6 12. Nc3 Ng6 13. h4 Qf6 14. Qc2 c5 15. dxc6
dxc6 16. Rd1 O-O 17. h5 Nf4 18. Nce2 Nb7 19. Nxf4 Qxf4 20. Bh4 f5 21. Qg2+ Kf7
22. Ne2 Qe3 23. Bf2 Qg5 24. Qh2 Qe7 25. Bh4 Qc5 26. Nc3 Be6 27. Rd3 Bf4 28. Qh3
Nd6 29. Bf2 Qb4 30. h6 fxe4 31. Qh5+ Kg8 32. a3 Qxb2 33. Nd1 Qc1 34. Rxd6 Rad8
35. Rxd8 Rxd8 36. Be2 Rxd1+ 37. Bxd1 Qd2+ 38. Kf1 Qxd1+ 39. Kg2 Qxf3+ 40. Qxf3
exf3+ 41. Kxf3 Bxc4 42. Rg1+ Kf8 43. Rg7 Bxh6 44. Rxa7 b5 45. Ke4 Bg7 46. Bc5+
Kg8 47. Bd6 Bd5+ 48. Kf5 e4 49. Bc5 Bc3 50. Ra8+ Kg7 51. Ra7+ Kg8 52. Rd7 Bb2
53. Rd8+ Kf7 54. Rd7+ Kg8 55. Ra7 Bc3 56. Rb7 Bb2 57. a4 Bc3 58. axb5 cxb5 59.
Rxb5 Kf7 60. Be3 Be6+ 61. Kxe4 Kf6 62. Rh5 Bf7 63. Rc5 Bb2 64. Rb5 1-0

[Event "4NCL/Div4/SUFFP vs. 3CS2"]
[Site "West Bromwich ENG"]
[Date "2006.05.29"]
[Round "11.2"]
[White "Plant, Paul"]
[Black "Gregory, Stephen J"]
[Result "0-1"]
[WhiteElo "2185"]
[BlackElo "2155"]
[PlyCount "64"]
[EventDate "2006.05.29"]
[EventType "team"]
[EventRounds "11"]
[EventCountry "ENG"]
[SourceDate "2006.05.01"]
[WhiteTeam "3Cs Oldham 2"]
[BlackTeam "Suffolk Punches"]

1. d4 Nf6 2. Nf3 d6 3. g3 g6 4. Bg2 Bg7 5. O-O O-O 6. c4 Nbd7 7. Nc3 e5 8. d5
h6 9. Ne1 Nb6 10. Qd3 Nfd7 11. e4 Nc5 12. Qe2 a5 13. f4 exf4 14. gxf4 Qh4 15.
f5 Re8 16. Nb5 Qe7 17. f6 Bxf6 18. Rxf6 Qxf6 19. Nxc7 Bf5 20. Nxe8 Rxe8 21. Qf2
Qe7 22. exf5 Qxe1+ 23. Qf1 g5 24. b3 Qc3 25. Ba3 Nbd7 26. Rc1 Qd4+ 27. Kh1 Nd3
28. h3 Nxc1 29. Qxc1 Qf2 30. Kh2 Re1 31. Qc3 Qg1+ 32. Kg3 Re3+ 0-1

[Event "4NCL/Div4/SUFFP vs. 3CS2"]
[Site "West Bromwich ENG"]
[Date "2006.05.29"]
[Round "11.3"]
[White "Wallis, Ian"]
[Black "Adams, Phil"]
[Result "1/2-1/2"]
[WhiteElo "2100"]
[BlackElo "2150"]
[PlyCount "49"]
[EventDate "2006.05.29"]
[EventType "team"]
[EventRounds "11"]
[EventCountry "ENG"]
[SourceDate "2006.05.01"]
[WhiteTeam "Suffolk Punches"]
[BlackTeam "3Cs Oldham 2"]

1. e4 e5 2. Nf3 Nc6 3. Bb5 a6 4. Ba4 Nf6 5. O-O Be7 6. Re1 b5 7. Bb3 d6 8. c3
O-O 9. d4 Bg4 10. d5 Na5 11. Bc2 c6 12. h3 Bc8 13. dxc6 Qc7 14. Nbd2 Qxc6 15.
Nf1 Nc4 16. Ng3 Re8 17. b3 Nb6 18. Bd2 g6 19. Rc1 Bb7 20. Nh2 Rac8 21. Bb1 d5
22. Qf3 Qc7 23. Ng4 Nxg4 24. Qxg4 Qd7 25. Qe2 1/2-1/2

[Event "4NCL/Div4/SUFFP vs. 3CS2"]
[Site "West Bromwich ENG"]
[Date "2006.05.29"]
[Round "11.4"]
[White "Firth, Malcolm"]
[Black "Lunn, Timothy"]
[Result "0-1"]
[WhiteElo "2130"]
[BlackElo "2070"]
[PlyCount "132"]
[EventDate "2006.05.29"]
[EventType "team"]
[EventRounds "11"]
[EventCountry "ENG"]
[SourceDate "2006.05.01"]
[WhiteTeam "3Cs Oldham 2"]
[BlackTeam "Suffolk Punches"]

1. d4 d5 2. c4 c6 3. Nf3 Nf6 4. Nc3 e6 5. e3 Nbd7 6. cxd5 exd5 7. Bd3 Be7 8.
O-O O-O 9. Rb1 Re8 10. b4 a6 11. a4 Bd6 12. Qb3 Ne4 13. b5 axb5 14. axb5 Qf6
15. bxc6 bxc6 16. Nxd5 Qh6 17. Bxe4 Rxe4 18. Nc3 Rg4 19. e4 Qh3 20. g3 Ba6 21.
Qd1 Qxf1+ 22. Qxf1 Bxf1 23. Kxf1 Rb8 24. Rxb8+ Nxb8 25. h3 Rg6 26. Ke2 Re6 27.
Be3 Re7 28. Nd2 f6 29. Kd3 Kf7 30. Nc4 Bc7 31. d5 cxd5 32. Nxd5 Rd7 33. Ke2 Bd8
34. Ndb6 Bxb6 35. Nxb6 Rb7 36. Nc4 Rb3 37. h4 Nd7 38. Nd2 Rb2 39. Bd4 Rb7 40.
Kd3 Ke6 41. Ke2 Rb8 42. Ke3 Ra8 43. Ke2 Ra2 44. Be3 Ne5 45. Kf1 Ng4 46. Bf4 h6
47. Ke2 Ne5 48. Kd1 g5 49. hxg5 hxg5 50. Be3 Ng4 51. Bd4 Ra4 52. Nf3 Nh2 53.
Nxh2 Rxd4+ 54. Ke2 Rxe4+ 55. Kf3 Ra4 56. Ng4 f5 57. Ne3 g4+ 58. Ke2 Ke5 59. Kf1
Ke4 60. Kg2 Rb4 61. Nc2 Rc4 62. Ne3 Rc5 63. Nd1 Kd3 64. Ne3 Ke2 65. Nf1 Re5 66.
Nh2 Ke1 0-1

[Event "4NCL/Div4/SUFFP vs. 3CS2"]
[Site "West Bromwich ENG"]
[Date "2006.05.29"]
[Round "11.5"]
[White "Feavyour, John"]
[Black "Tompson, John C"]
[Result "0-1"]
[WhiteElo "2035"]
[BlackElo "2050"]
[PlyCount "124"]
[EventDate "2006.05.29"]
[EventType "team"]
[EventRounds "11"]
[EventCountry "ENG"]
[SourceDate "2006.05.01"]
[WhiteTeam "Suffolk Punches"]
[BlackTeam "3Cs Oldham 2"]

1. d4 Nf6 2. c4 g6 3. Nc3 Bg7 4. e4 d6 5. Nge2 O-O 6. Ng3 a6 7. Be2 Nbd7 8. O-O
c5 9. d5 b5 10. cxb5 axb5 11. Bxb5 Ba6 12. Bxa6 Rxa6 13. Qe2 Qa8 14. h3 e6 15.
Bf4 exd5 16. exd5 Re8 17. Qd2 Rb6 18. Rfe1 Qb8 19. Rxe8+ Nxe8 20. Re1 Rxb2 21.
Rxe8+ Qxe8 22. Qxb2 Qe1+ 23. Kh2 Bxc3 24. Qe2 Ne5 25. Qxe1 Bxe1 26. Ne4 c4 27.
Nxd6 Nd3 28. Be3 c3 29. Ne4 c2 30. d6 c1=Q 31. Bxc1 Nxc1 32. d7 Ba5 33. Nc5 Kf8
34. Nb7 Bc7+ 35. g3 Ke7 36. d8=Q+ Bxd8 37. Nxd8 Kxd8 38. a3 Kd7 39. Kg2 Kc6 40.
h4 Kb5 41. Kf3 Nd3 42. Ke3 Ne5 43. Ke4 Ng4 44. f3 Nh6 45. Ke5 Nf5 46. Kf6 Nxg3
47. Kxf7 Nf5 48. Kf6 Nxh4 49. f4 Nf5 50. Kf7 h5 51. Kxg6 h4 52. Kxf5 h3 53. Kg6
h2 54. f5 h1=Q 55. f6 Qg2+ 56. Kh7 Qe4+ 57. Kg7 Qg4+ 58. Kf8 Qc8+ 59. Kg7 Qg4+
60. Kf8 Kc6 61. Ke7 Qd7+ 62. Kf8 Kd6 0-1

[Event "4NCL/Div4/SUFFP vs. 3CS2"]
[Site "West Bromwich ENG"]
[Date "2006.05.29"]
[Round "11.6"]
[White "Platts, Philip S"]
[Black "Clapham, Michael"]
[Result "1-0"]
[WhiteElo "2000"]
[BlackElo "2005"]
[PlyCount "61"]
[EventDate "2006.05.29"]
[EventType "team"]
[EventRounds "11"]
[EventCountry "ENG"]
[SourceDate "2006.05.01"]
[WhiteTeam "3Cs Oldham 2"]
[BlackTeam "Suffolk Punches"]

1. d4 Nf6 2. Nf3 e6 3. c4 d5 4. Nc3 Be7 5. Bg5 O-O 6. e3 Nbd7 7. Qc2 b6 8. cxd5
exd5 9. Be2 Bb7 10. O-O Rc8 11. Qf5 g6 12. Qh3 Re8 13. Rfd1 c6 14. Rac1 Ne4 15.
Bf4 Ndf6 16. Ne5 Bd6 17. Nxe4 dxe4 18. Bc4 Bxe5 19. dxe5 Nd5 20. Qh6 Qe7 21.
Rd4 Nxf4 22. Qxf4 c5 23. Rd6 Rcd8 24. Rcd1 Rxd6 25. Rxd6 Kg7 26. g4 Qc7 27. g5
a6 28. Qf6+ Kg8 29. e6 Re7 30. exf7+ Rxf7 31. Bxf7+ 1-0

[Event "4NCL/Div4/NOTT2 vs. SCS"]
[Site "West Bromwich ENG"]
[Date "2006.05.29"]
[Round "11.1"]
[White "Webster, Richard J"]
[Black "Reynolds, D Ian"]
[Result "1/2-1/2"]
[WhiteElo "2020"]
[BlackElo "2125"]
[PlyCount "84"]
[EventDate "2006.05.29"]
[EventType "team"]
[EventRounds "11"]
[EventCountry "ENG"]
[SourceDate "2006.05.01"]
[WhiteTeam "Notts 2"]
[BlackTeam "S Counties Stars"]

1. c4 e5 2. g3 Nf6 3. Bg2 d5 4. cxd5 Nxd5 5. Nf3 Nc6 6. Nc3 Nb6 7. O-O Be7 8.
d3 O-O 9. Be3 f5 10. Rc1 Bf6 11. b4 Nd4 12. Bd2 c6 13. Ne1 Kh8 14. e3 Ne6 15.
Rb1 Rb8 16. a4 Nd5 17. Qb3 Nec7 18. Ne2 Be6 19. Qc2 Qe8 20. b5 cxb5 21. e4 bxa4
22. exd5 Nxd5 23. Qc5 b6 24. Qa3 a5 25. Nc3 Be7 26. Qa1 Nb4 27. Nxa4 Qd8 28.
Bxb4 Bxb4 29. Rxb4 axb4 30. Qxe5 Re8 31. Qa1 b3 32. d4 Bc4 33. Nf3 Bxf1 34.
Kxf1 Qc7 35. Ne5 Re7 36. Nc6 Rbe8 37. Nxe7 Rxe7 38. Nxb6 Re8 39. Na4 Qc4+ 40.
Kg1 b2 41. Nxb2 Qxd4 42. Qa4 Qxa4 1/2-1/2

[Event "4NCL/Div4/NOTT2 vs. SCS"]
[Site "West Bromwich ENG"]
[Date "2006.05.29"]
[Round "11.2"]
[White "Lutton, E Josiah"]
[Black "Thompson, Brian"]
[Result "1-0"]
[WhiteElo "2125"]
[BlackElo "2030"]
[PlyCount "81"]
[EventDate "2006.05.29"]
[EventType "team"]
[EventRounds "11"]
[EventCountry "ENG"]
[SourceDate "2006.05.01"]
[WhiteTeam "S Counties Stars"]
[BlackTeam "Notts 2"]

1. e4 c5 2. Nc3 Nc6 3. f4 e6 4. Nf3 Nge7 5. Be2 d5 6. d3 dxe4 7. dxe4 Nd4 8.
Be3 Nec6 9. Bb5 Bd7 10. Nxd4 Nxd4 11. Bxd4 Bxb5 12. Nxb5 Qa5+ 13. Nc3 Rd8 14.
O-O cxd4 15. Ne2 Bc5 16. Qd3 O-O 17. Ng3 Qa6 18. e5 Qxd3 19. cxd3 f5 20. Rac1
Rd5 21. Rc4 Bb6 22. Rfc1 g5 23. Nh5 gxf4 24. Nf6+ Rxf6 25. exf6 Kf7 26. Rc8 e5
27. Kf2 e4 28. Ke2 Rd7 29. Rh8 Kxf6 30. Rcc8 exd3+ 31. Kxd3 f3 32. Rhf8+ Kg5
33. Rg8+ Kf4 34. g3+ Ke5 35. Rce8+ Kf6 36. Rgf8+ Kg6 37. Re5 Rc7 38. Rexf5 Rc1
39. g4 Rd1+ 40. Kc2 Rh1 41. Rg8+ 1-0

[Event "4NCL/Div4/NOTT2 vs. SCS"]
[Site "West Bromwich ENG"]
[Date "2006.05.29"]
[Round "11.3"]
[White "Graham, Neil"]
[Black "Kilpatrick, Callum"]
[Result "1/2-1/2"]
[WhiteElo "1930"]
[BlackElo "2070"]
[PlyCount "85"]
[EventDate "2006.05.29"]
[EventType "team"]
[EventRounds "11"]
[EventCountry "ENG"]
[SourceDate "2006.05.01"]
[WhiteTeam "Notts 2"]
[BlackTeam "S Counties Stars"]

1. d4 Nf6 2. f3 d5 3. e4 dxe4 4. Nc3 c6 5. fxe4 e5 6. dxe5 Qxd1+ 7. Kxd1 Ng4 8.
Ke1 Nxe5 9. Bf4 Bd6 10. Bg3 O-O 11. Nf3 Nbd7 12. Rd1 Bc7 13. Bd3 Re8 14. Rf1
Nxd3+ 15. cxd3 Bxg3+ 16. hxg3 f5 17. Kd2 fxe4 18. Nxe4 Nb6 19. Rde1 Rd8 20. b3
Nd5 21. Ne5 Rb8 22. Rf2 Ne7 23. Ref1 Be6 24. Ng5 Bd5 25. Nef7 Rf8 26. Nd6 Rxf2+
27. Rxf2 b6 28. Re2 Ng6 29. Nf5 h6 30. Nf3 Rf8 31. Ne7+ Nxe7 32. Rxe7 a5 33.
Ke3 Rf7 34. Re8+ Rf8 35. Re7 Ra8 36. Nh4 Bf7 37. Rb7 b5 38. Rc7 a4 39. bxa4 b4
40. Rxc6 Bxa2 41. Rb6 Rxa4 42. Nf5 Bf7 43. Nd6 1/2-1/2

[Event "4NCL/Div4/NOTT2 vs. SCS"]
[Site "West Bromwich ENG"]
[Date "2006.05.29"]
[Round "11.4"]
[White "Sen, Subin"]
[Black "Wright, Antony J"]
[Result "1/2-1/2"]
[WhiteElo "2045"]
[BlackElo "1920"]
[PlyCount "100"]
[EventDate "2006.05.29"]
[EventType "team"]
[EventRounds "11"]
[EventCountry "ENG"]
[SourceDate "2006.05.01"]
[WhiteTeam "S Counties Stars"]
[BlackTeam "Notts 2"]

1. Nf3 d5 2. d4 Nf6 3. c4 e6 4. g3 Be7 5. Bg2 O-O 6. O-O Nbd7 7. Nc3 Re8 8. Ne5
c6 9. f4 dxc4 10. Nxc4 Nb6 11. Nxb6 Qxb6 12. Na4 Qa5 13. Bd2 Qb5 14. a3 Rd8 15.
e3 Bd7 16. b4 Rab8 17. Bf3 Qf5 18. Nc3 Qh3 19. Qe2 h5 20. Rad1 g6 21. e4 Ng4
22. Be1 b6 23. Bxg4 hxg4 24. Bf2 Kg7 25. d5 Rh8 26. Bd4+ f6 27. d6 Bd8 28. e5
f5 29. Qg2 Qh5 30. Rf2 Rc8 31. Be3 g5 32. Rb1 gxf4 33. Bxf4 Qe8 34. Qf1 b5 35.
Be3 Bb6 36. Qc1 Kg6 37. Ne2 Qd8 38. Nf4+ Kf7 39. Nd3 Rh3 40. Nc5 Bxc5 41. Qxc5
Ra8 42. Qd4 Kg6 43. Rf4 Qh8 44. Rb2 Qh5 45. Qd2 a6 46. Ra2 Qh8 47. Bd4 Qd8 48.
Qf2 Qg5 49. Qe3 Rhh8 50. Qd2 Qh5 1/2-1/2

[Event "4NCL/Div4/NOTT2 vs. SCS"]
[Site "West Bromwich ENG"]
[Date "2006.05.29"]
[Round "11.5"]
[White "Lakhani, Anjali"]
[Black "Heard, Andrew H"]
[Result "1/2-1/2"]
[WhiteElo "1755"]
[BlackElo "2030"]
[PlyCount "74"]
[EventDate "2006.05.29"]
[EventType "team"]
[EventRounds "11"]
[EventCountry "ENG"]
[SourceDate "2006.05.01"]
[WhiteTeam "Notts 2"]
[BlackTeam "S Counties Stars"]

1. e4 e6 2. d4 d5 3. Nd2 c5 4. c3 Qb6 5. Ne2 cxd4 6. Nxd4 Nf6 7. exd5 Nxd5 8.
Bc4 Nc6 9. N2f3 Be7 10. O-O Nxd4 11. Nxd4 Bd7 12. Qe2 Nf6 13. Bg5 O-O 14. Rad1
Rad8 15. Rfe1 Rfe8 16. Bb3 Qc5 17. Be3 Qh5 18. Qxh5 Nxh5 19. Nf3 b6 20. Ne5 Nf6
21. Bg5 Nd5 22. Bxe7 Rxe7 23. Bxd5 exd5 24. Nxd7 Rexd7 25. f3 g6 26. Re2 Kg7
27. Red2 b5 28. b3 Kf6 29. Kf2 h5 30. Rd4 Ke6 31. Ke3 a6 32. c4 bxc4 33. bxc4
dxc4 34. Rxd7 Rxd7 35. Rxd7 Kxd7 36. Kd4 Kd6 37. Kxc4 Kc6 1/2-1/2

[Event "4NCL/Div4/NOTT2 vs. SCS"]
[Site "West Bromwich ENG"]
[Date "2006.05.29"]
[Round "11.6"]
[White "Lutton, J Arnold"]
[Black "Lavelle, Terry W"]
[Result "1-0"]
[WhiteElo "1940"]
[BlackElo "1815"]
[PlyCount "55"]
[EventDate "2006.05.29"]
[EventType "team"]
[EventRounds "11"]
[EventCountry "ENG"]
[SourceDate "2006.05.01"]
[WhiteTeam "S Counties Stars"]
[BlackTeam "Notts 2"]

1. e4 c5 2. Nc3 e6 3. f4 Ne7 4. Nf3 g6 5. Be2 Bg7 6. O-O Nbc6 7. Qe1 Nd4 8. Bd1
b6 9. Ne2 Ndc6 10. d3 d5 11. c3 Bb7 12. Bc2 Qc7 13. Ng5 h6 14. Nxf7 Kxf7 15. f5
g5 16. fxe6+ Kxe6 17. exd5+ Kxd5 18. Nf4+ gxf4 19. Bb3+ c4 20. Bxc4+ Kc5 21.
Bxf4 Be5 22. Qe3+ Kd6 23. Bxe5+ Nxe5 24. Rae1 Nxc4 25. Qe6+ Kc5 26. Qxc4+ Kd6
27. Re6+ Kd7 28. Rxe7+ 1-0

[Event "4NCL/Div4/BCA vs. OXF3"]
[Site "West Bromwich ENG"]
[Date "2006.05.29"]
[Round "11.1"]
[White "Mordue, A Tyson"]
[Black "Terry, Sean"]
[Result "1/2-1/2"]
[WhiteElo "2225"]
[BlackElo "2000"]
[PlyCount "85"]
[EventDate "2006.05.29"]
[EventType "team"]
[EventRounds "11"]
[EventCountry "ENG"]
[SourceDate "2006.05.01"]
[WhiteTeam "Braille C A"]
[BlackTeam "Oxford 3"]

1. e4 Na6 2. d4 e6 3. Nf3 d6 4. Nc3 c5 5. Be2 Nf6 6. O-O Be7 7. h3 O-O 8. d5
Nc7 9. a4 a6 10. Be3 Bd7 11. dxe6 Nxe6 12. e5 Ne8 13. Bc4 Bc6 14. Nd5 Bg5 15.
Nxg5 Nxg5 16. Qg4 Ne6 17. Rfd1 dxe5 18. Nb4 Qc7 19. Nxc6 Qxc6 20. Bd5 Nf6 21.
Qxe6 Qxe6 22. Bxe6 fxe6 23. Bxc5 Rfc8 24. b4 Ne4 25. Be3 Rxc2 26. Rd7 Rf8 27.
Rxb7 Nxf2 28. Rf1 Nd3 29. Rxf8+ Kxf8 30. b5 axb5 31. axb5 Nf4 32. b6 Rxg2+ 33.
Kf1 Rb2 34. Bc5+ Kg8 35. Bd6 Nd5 36. Bxe5 Rxb6 37. Rxg7+ Kf8 38. Rxh7 Ne7 39.
h4 Nf5 40. h5 Rb5 41. Rh8+ Kf7 42. Rh7+ Kf8 43. Rh8+ 1/2-1/2

[Event "4NCL/Div4/BCA vs. OXF3"]
[Site "West Bromwich ENG"]
[Date "2006.05.29"]
[Round "11.2"]
[White "Morris, Graham"]
[Black "Ross, Chris"]
[Result "1/2-1/2"]
[WhiteElo "2025"]
[BlackElo "2165"]
[PlyCount "45"]
[EventDate "2006.05.29"]
[EventType "team"]
[EventRounds "11"]
[EventCountry "ENG"]
[SourceDate "2006.05.01"]
[WhiteTeam "Oxford 3"]
[BlackTeam "Braille C A"]

1. e4 c5 2. Nf3 e6 3. d4 cxd4 4. Nxd4 a6 5. c4 Nf6 6. Nc3 Bb4 7. Bd3 Nc6 8.
Nde2 Qc7 9. a3 Bd6 10. h3 O-O 11. Be3 Ne5 12. Rc1 Bc5 13. Nd4 d6 14. O-O Bd7
15. Qd2 Rfd8 16. Rfd1 Rac8 17. b4 Nxd3 18. Qxd3 Bxd4 19. Bxd4 e5 20. Be3 Be6
21. Nd5 Bxd5 22. cxd5 Qd7 23. f3 1/2-1/2

[Event "4NCL/Div4/BCA vs. OXF3"]
[Site "West Bromwich ENG"]
[Date "2006.05.29"]
[Round "11.3"]
[White "Hilton, Steve"]
[Black "Burt, Will"]
[Result "0-1"]
[WhiteElo "2045"]
[BlackElo "1985"]
[PlyCount "62"]
[EventDate "2006.05.29"]
[EventType "team"]
[EventRounds "11"]
[EventCountry "ENG"]
[SourceDate "2006.05.01"]
[WhiteTeam "Braille C A"]
[BlackTeam "Oxford 3"]

1. d4 d5 2. c4 e5 3. dxe5 d4 4. Nf3 Nc6 5. g3 Be6 6. Nbd2 Qd7 7. Bg2 Bh3 8. e6
Bxe6 9. Ng5 Bf5 10. a3 h6 11. Ngf3 Bh3 12. O-O h5 13. Qa4 h4 14. Ne4 Bxg2 15.
Kxg2 hxg3 16. fxg3 Qh3+ 17. Kg1 Nf6 18. Nxf6+ gxf6 19. Rf2 Bd6 20. Rg2 O-O-O
21. b4 Rdg8 22. Kf2 Qf5 23. Kg1 d3 24. Qb5 Ne5 25. Nd4 dxe2 26. Bb2 Qe4 27. Re1
Qe3+ 28. Kh1 Rxg3 29. Rxg3 Rxh2+ 30. Kxh2 Ng4+ 31. Kh1 Nf2+ 0-1

[Event "4NCL/Div4/BCA vs. OXF3"]
[Site "West Bromwich ENG"]
[Date "2006.05.29"]
[Round "11.4"]
[White "Smith, Jonathan"]
[Black "Armstrong, William G"]
[Result "1/2-1/2"]
[WhiteElo "1935"]
[BlackElo "1985"]
[PlyCount "48"]
[EventDate "2006.05.29"]
[EventType "team"]
[EventRounds "11"]
[EventCountry "ENG"]
[SourceDate "2006.05.01"]
[WhiteTeam "Oxford 3"]
[BlackTeam "Braille C A"]

1. e4 c5 2. Nf3 Nc6 3. d4 cxd4 4. Nxd4 Nf6 5. Nc3 e5 6. Ndb5 d6 7. Bg5 a6 8.
Na3 b5 9. Nd5 Qa5+ 10. Bd2 Qd8 11. Bg5 Be7 12. Bxf6 Bxf6 13. c3 Bg5 14. Nc2 O-O
15. a4 Rb8 16. axb5 axb5 17. Ncb4 Nxb4 18. Nxb4 Bb7 19. Nd5 Bxd5 20. Qxd5 b4
21. Bb5 bxc3 22. bxc3 Qc7 23. c4 Qc5 24. Qxc5 dxc5 1/2-1/2

[Event "4NCL/Div4/BCA vs. OXF3"]
[Site "West Bromwich ENG"]
[Date "2006.05.29"]
[Round "11.5"]
[White "Murphy, Richard L"]
[Black "Levicki, Jeffrey"]
[Result "0-1"]
[WhiteElo "1735"]
[BlackElo "1880"]
[PlyCount "62"]
[EventDate "2006.05.29"]
[EventType "team"]
[EventRounds "11"]
[EventCountry "ENG"]
[SourceDate "2006.05.01"]
[WhiteTeam "Braille C A"]
[BlackTeam "Oxford 3"]

1. e4 c5 2. Nf3 d6 3. d4 cxd4 4. Nxd4 Nf6 5. Nc3 e6 6. Be2 Be7 7. Be3 a6 8. f4
Nc6 9. Qd2 Bd7 10. O-O b5 11. Bf3 Rc8 12. Qf2 O-O 13. Rac1 Na5 14. Nxe6 Bxe6
15. Bb6 Qd7 16. Bxa5 d5 17. Qg3 dxe4 18. Bd1 b4 19. Ne2 Qb5 20. Bxb4 Qxb4 21.
b3 Nh5 22. Qe1 Bc5+ 23. Kh1 Qxe1 24. Rxe1 Be3 25. Rb1 f5 26. c4 Nxf4 27. Nc3
Bd2 28. Rf1 Nd3 29. Na4 Rb8 30. Be2 Nf4 31. Bd1 Bxc4 0-1

[Event "4NCL/Div4/BCA vs. OXF3"]
[Site "West Bromwich ENG"]
[Date "2006.05.29"]
[Round "11.6"]
[White "Henbest, Kevin B"]
[Black "Thacker, Steve M"]
[Result "0-1"]
[WhiteElo "1855"]
[BlackElo "1785"]
[PlyCount "66"]
[EventDate "2006.05.29"]
[EventType "team"]
[EventRounds "11"]
[EventCountry "ENG"]
[SourceDate "2006.05.01"]
[WhiteTeam "Oxford 3"]
[BlackTeam "Braille C A"]

1. e4 c5 2. Nf3 e6 3. d4 cxd4 4. Nxd4 Nf6 5. Nc3 a6 6. Bg5 Be7 7. Be2 Qc7 8.
O-O b5 9. Bf3 Bb7 10. Re1 d6 11. a3 Nbd7 12. g3 O-O 13. Bg2 Nc5 14. Qe2 h6 15.
Bd2 Qb6 16. Rad1 Rac8 17. Bc1 b4 18. axb4 Qxb4 19. Bd2 Qxd4 20. Bxh6 Qb4 21.
Bf4 Rfd8 22. e5 dxe5 23. Bxe5 Bxg2 24. Kxg2 Rxd1 25. Rxd1 Qb7+ 26. Kg1 Rd8 27.
Rb1 Nce4 28. Nd1 Bc5 29. Ne3 Rd2 30. Qc4 Bxe3 31. fxe3 Nd6 32. Qf1 Ng4 33. Rd1
Rxh2 0-1